00475cam a22002051 4500001001300000003000400013005001700017008004100034010001700075035002000092040001800112042001200130050002100142100002100163245002400184260001100208300001800219500001500237999001700252sa 67001258 DLC20260227112321.0881028s1966 xx 000 0 beno  asa 67001258  a(OCoLC)23573753 aDLCcMiUdDLC apremarc00aPK1730.12.S5bP71 aAshraf, Shaheed.10aPrema piẏāsī. c[1966] a98 p.c19 cm. aRomanized. c72490d72490